00407nam a2200181Ia 4500008004100000020001800041050001400059100001600073245001600089245001900105260001500124260002300139260000900162300001600171300002000187300001000207500000800217170918s9999 xx 000 0 und d a9780440237686 bL921 1993 aLowry, Lois 4aThe giver / cby Lois Lowry. aNew York : bLaurel-Leaf Books, c1993 a454 pages : billustrations ; c17cm. a760